[Event "Lozovatsky memorial 2018"]
[Site "?"]
[Date "2018.01.13"]
[Round "5.1"]
[White "Sitnikov, Anton"]
[Black "Bezgodov, Alexei"]
[Result "1-0"]
[BlackElo "2482"]
[WhiteElo "2451"]
[LiveChessVersion "1.4.8"]

1. e4 {[%clk 1:30:22]} e5 {[%clk 1:30:51]} 2. Nf3 {[%clk 1:30:36]} Nc6
{[%clk 1:31:16]} 3. Bc4 {[%clk 1:30:58]} Bc5 {[%clk 1:31:40]} 4. c3
{[%clk 1:31:20]} Nf6 {[%clk 1:32:04]} 5. d3 {[%clk 1:31:41]} a6 {[%clk 1:32:17]}
6. Nbd2 {[%clk 1:31:53]} d6 {[%clk 1:32:09]} 7. a4 {[%clk 1:29:00]} O-O
{[%clk 1:32:16]} 8. O-O {[%clk 1:29:13]} Ba7 {[%clk 1:32:04]} 9. h3
{[%clk 1:29:24]} Ne7 {[%clk 1:31:19]} 10. Re1 {[%clk 1:26:10]} Ng6
{[%clk 1:30:21]} 11. d4 {[%clk 1:25:40]} c6 {[%clk 1:21:40]} 12. Bb3
{[%clk 1:14:30]} Re8 {[%clk 1:16:47]} 13. a5 {[%clk 0:52:42]} h6 {[%clk 0:57:36]}
14. Bc2 {[%clk 0:50:07]} Nh7 {[%clk 0:55:47]} 15. Nc4 {[%clk 0:38:34]} Be6
{[%clk 0:53:48]} 16. d5 {[%clk 0:29:36]} cxd5 {[%clk 0:54:00]} 17. exd5
{[%clk 0:29:58]} Bc8 {[%clk 0:54:22]} 18. Be3 {[%clk 0:17:13]} Bxe3
{[%clk 0:54:00]} 19. Rxe3 {[%clk 0:15:55]} Rb8 {[%clk 0:50:24]} 20. Ra4
{[%clk 0:10:21]} Ne7 {[%clk 0:41:09]} 21. Rb4 {[%clk 0:00:55]} Bf5
{[%clk 0:41:07]} 22. Ba4 {[%clk 0:01:00]} Rf8 {[%clk 0:41:12]} 23. Nh4
{[%clk 0:00:32]} Bd7 {[%clk 0:34:44]} 24. Bc2 {[%clk 0:00:44]} Nf6
{[%clk 0:34:59]} 25. Nb6 {[%clk 0:00:39]} Bb5 {[%clk 0:28:16]} 26. Rg3
{[%clk 0:00:35]} Kh8 {[%clk 0:27:40]} 27. f4 {[%clk 0:00:36]} Rg8
{[%clk 0:24:15]} 28. Re3 {[%clk 0:00:32]} Qc7 {[%clk 0:22:27]} 29. Kh1
{[%clk 0:00:36]} Qc5 {[%clk 0:19:03]} 30. fxe5 {[%clk 0:00:33]} Qxe3
{[%clk 0:09:05]} 31. exf6 {[%clk 0:00:55]} gxf6 {[%clk 0:09:24]} 32. Re4
{[%clk 0:00:54]} Qg5 {[%clk 0:08:18]} 33. c4 {[%clk 0:00:35]} Nf5
{[%clk 0:07:07]} 34. Rg4 {[%clk 0:00:49]} Ng3+ {[%clk 0:07:25]} 35. Kh2
{[%clk 0:01:09]} Qe5 {[%clk 0:07:48]} 36. Nf3 {[%clk 0:00:46]} Nf1+
{[%clk 0:07:08]} 37. Kg1 {[%clk 0:01:05]} Qe3+ {[%clk 0:07:21]} 38. Kxf1
{[%clk 0:01:30]} Rxg4 {[%clk 0:07:30]} 39. hxg4 {[%clk 0:01:56]} 1-0

[Event "Lozovatsky memorial 2018"]
[Site "?"]
[Date "2018.01.13"]
[Round "5.2"]
[White "Tosic, Miroslav"]
[Black "Gutenev, Alexander"]
[Result "1/2-1/2"]
[BlackElo "2485"]
[WhiteElo "2416"]
[LiveChessVersion "1.4.8"]

1. d4 {[%clk 1:30:22]} Nf6 {[%clk 1:25:39]} 2. c4 {[%clk 1:28:48]} g6
{[%clk 1:25:53]} 3. Nc3 {[%clk 1:29:12]} d5 {[%clk 1:26:16]} 4. cxd5
{[%clk 1:28:39]} Nxd5 {[%clk 1:26:35]} 5. Bd2 {[%clk 1:28:49]} Bg7
{[%clk 1:10:47]} 6. e4 {[%clk 1:26:20]} Nb6 {[%clk 1:09:51]} 7. Be3
{[%clk 1:26:30]} O-O {[%clk 1:10:14]} 8. a4 {[%clk 1:26:49]} a5 {[%clk 1:08:54]}
9. Be2 {[%clk 1:19:11]} Nc6 {[%clk 0:59:34]} 10. Nf3 {[%clk 1:17:55]} Bg4
{[%clk 0:53:40]} 11. d5 {[%clk 1:17:54]} Nb4 {[%clk 0:45:40]} 12. O-O
{[%clk 1:17:06]} Bxf3 {[%clk 0:38:14]} 13. Bxf3 {[%clk 1:15:58]} Nc4
{[%clk 0:38:00]} 14. Bc1 {[%clk 1:16:02]} c6 {[%clk 0:35:05]} 15. Qb3
{[%clk 1:11:36]} Ne5 {[%clk 0:32:32]} 1/2-1/2

[Event "Lozovatsky memorial 2018"]
[Site "?"]
[Date "2018.01.13"]
[Round "5.3"]
[White "Simantsev, Mikhail"]
[Black "Fakhrutdinov, Timur"]
[Result "1-0"]
[BlackElo "2417"]
[WhiteElo "2495"]
[LiveChessVersion "1.4.8"]

1. d4 {[%clk 1:27:45]} Nf6 {[%clk 1:30:53]} 2. c4 {[%clk 1:27:25]} e6
{[%clk 1:31:16]} 3. Nf3 {[%clk 1:27:49]} d5 {[%clk 1:31:41]} 4. e3
{[%clk 1:28:08]} c5 {[%clk 1:31:43]} 5. cxd5 {[%clk 1:26:21]} exd5
{[%clk 1:31:10]} 6. Bb5+ {[%clk 1:22:08]} Nc6 {[%clk 1:30:39]} 7. O-O
{[%clk 1:21:48]} cxd4 {[%clk 1:27:13]} 8. Nxd4 {[%clk 1:20:16]} Bd7
{[%clk 1:27:33]} 9. Nc3 {[%clk 1:19:50]} Bd6 {[%clk 1:27:38]} 10. Nf3
{[%clk 1:05:47]} a6 {[%clk 1:06:35]} 11. Be2 {[%clk 1:04:54]} Bg4
{[%clk 1:05:42]} 12. b3 {[%clk 0:56:03]} O-O {[%clk 1:04:29]} 13. Bb2
{[%clk 0:53:05]} Bc7 {[%clk 1:02:02]} 14. Nd4 {[%clk 0:48:24]} Qd6
{[%clk 0:56:16]} 15. g3 {[%clk 0:45:48]} Bh3 {[%clk 0:39:36]} 16. Re1
{[%clk 0:45:42]} Ne5 {[%clk 0:36:44]} 17. Rc1 {[%clk 0:34:25]} Rac8
{[%clk 0:34:16]} 18. Nf3 {[%clk 0:21:41]} Ba5 {[%clk 0:31:19]} 19. Qd4
{[%clk 0:18:30]} Nc6 {[%clk 0:24:38]} 20. Qh4 {[%clk 0:17:07]} Be6
{[%clk 0:20:40]} 21. Red1 {[%clk 0:16:00]} Ne7 {[%clk 0:18:37]} 22. Ng5
{[%clk 0:13:02]} Nf5 {[%clk 0:06:31]} 23. Qa4 {[%clk 0:08:49]} Qb6
{[%clk 0:05:53]} 24. Qf4 {[%clk 0:06:40]} h6 {[%clk 0:06:09]} 25. Nxe6
{[%clk 0:06:43]} fxe6 {[%clk 0:06:21]} 26. Na4 {[%clk 0:06:40]} Qd8
{[%clk 0:05:22]} 27. Rxc8 {[%clk 0:04:59]} Qxc8 {[%clk 0:05:50]} 28. Rc1
{[%clk 0:05:17]} Qe8 {[%clk 0:05:40]} 29. Nc5 {[%clk 0:04:44]} Bb6
{[%clk 0:03:25]} 30. Bd3 {[%clk 0:02:22]} Nd7 {[%clk 0:01:44]} 31. Nxd7
{[%clk 0:02:02]} Qxd7 {[%clk 0:02:12]} 32. Qe5 {[%clk 0:01:49]} Rf7
{[%clk 0:01:10]} 33. Be2 {[%clk 0:00:58]} Nd6 {[%clk 0:00:51]} 34. Bg4
{[%clk 0:01:14]} Rf6 {[%clk 0:00:35]} 35. Qxd5 {[%clk 0:00:46]} exd5
{[%clk 0:00:32]} 36. Bxd7 {[%clk 0:01:15]} d4 {[%clk 0:00:45]} 37. Bxd4
{[%clk 0:01:06]} Bxd4 {[%clk 0:01:00]} 38. exd4 {[%clk 0:01:35]} Ne4
{[%clk 0:00:58]} 39. Rc2 {[%clk 0:00:34]} Rd6 {[%clk 0:00:45]} 40. Bf5
{[%clk 0:01:01]} Ng5 {[%clk 0:00:49]} 41. Kg2 {[%clk 0:01:17]} Rxd4
{[%clk 0:00:37]} 42. h4 {[%clk 0:01:06]} Nf7 {[%clk 0:00:36]} 43. Be6
{[%clk 0:01:11]} Kf8 {[%clk 0:00:40]} 44. Bxf7 {[%clk 0:01:36]} Kxf7
{[%clk 0:01:06]} 45. Rc7+ {[%clk 0:02:02]} Kf6 {[%clk 0:01:24]} 46. Rxb7
{[%clk 0:02:30]} a5 {[%clk 0:01:24]} 47. Rb6+ {[%clk 0:02:37]} Kf7
{[%clk 0:01:46]} 48. a4 {[%clk 0:02:36]} Rd3 {[%clk 0:01:59]} 49. Rb7+
{[%clk 0:02:56]} Kf6 {[%clk 0:02:24]} 50. Rb6+ {[%clk 0:03:24]} Kf7
{[%clk 0:02:50]} 51. Rb5 {[%clk 0:03:52]} Kf6 {[%clk 0:03:09]} 52. h5
{[%clk 0:02:06]} Rc3 {[%clk 0:03:27]} 53. g4 {[%clk 0:01:43]} Rd3
{[%clk 0:03:01]} 54. f3 {[%clk 0:02:00]} Rc3 {[%clk 0:03:09]} 55. Kg3
{[%clk 0:02:09]} Kf7 {[%clk 0:02:46]} 56. Kf4 {[%clk 0:02:34]} Kf6
{[%clk 0:02:29]} 57. Ke4 {[%clk 0:02:40]} Kf7 {[%clk 0:02:06]} 1-0

[Event "Lozovatsky memorial 2018"]
[Site "?"]
[Date "2018.01.13"]
[Round "5.4"]
[White "Frolov, Ivan"]
[Black "Kholopov, Alexander A"]
[Result "1/2-1/2"]
[BlackElo "2305"]
[WhiteElo "2286"]
[LiveChessVersion "1.4.8"]

1. e4 {[%clk 1:30:58]} e5 {[%clk 1:18:24]} 2. Nf3 {[%clk 1:31:16]} Nc6
{[%clk 1:18:51]} 3. Bb5 {[%clk 1:31:40]} Nf6 {[%clk 1:09:59]} 4. O-O
{[%clk 1:29:14]} Nxe4 {[%clk 1:10:23]} 5. Re1 {[%clk 1:28:42]} Nd6
{[%clk 1:10:37]} 6. Nxe5 {[%clk 1:21:43]} Nxe5 {[%clk 1:10:33]} 7. Rxe5+
{[%clk 1:21:44]} Be7 {[%clk 1:10:59]} 8. Bd3 {[%clk 1:19:53]} O-O
{[%clk 1:07:22]} 9. Nc3 {[%clk 1:19:57]} Bf6 {[%clk 1:03:55]} 10. Re3
{[%clk 1:16:14]} Re8 {[%clk 0:51:44]} 11. Nd5 {[%clk 1:15:06]} Bg5
{[%clk 0:47:06]} 12. f4 {[%clk 1:14:44]} Bh6 {[%clk 0:47:31]} 13. Qh5
{[%clk 0:59:35]} c6 {[%clk 0:28:09]} 14. Rxe8+ {[%clk 0:57:07]} Nxe8
{[%clk 0:26:40]} 15. Ne3 {[%clk 0:56:05]} Nf6 {[%clk 0:23:09]} 16. Qh4
{[%clk 0:52:22]} d5 {[%clk 0:22:37]} 17. g4 {[%clk 0:52:08]} Bxf4
{[%clk 0:15:39]} 18. Bxh7+ {[%clk 0:50:04]} Kf8 {[%clk 0:14:41]} 19. Bd3
{[%clk 0:47:32]} Kg8 {[%clk 0:14:46]} 20. b3 {[%clk 0:45:59]} Be6
{[%clk 0:12:49]} 21. Bb2 {[%clk 0:45:48]} Ne4 {[%clk 0:13:13]} 22. Qh5
{[%clk 0:43:03]} Qg5 {[%clk 0:13:30]} 23. Qxg5 {[%clk 0:43:21]} Bxg5
{[%clk 0:13:56]} 24. Bxe4 {[%clk 0:43:31]} dxe4 {[%clk 0:14:22]} 25. h3
{[%clk 0:43:53]} Rd8 {[%clk 0:14:02]} 26. Bc3 {[%clk 0:43:56]} Bxe3+
{[%clk 0:14:08]} 27. dxe3 {[%clk 0:44:21]} f5 {[%clk 0:14:34]} 28. g5
{[%clk 0:44:15]} f4 {[%clk 0:14:58]} 29. exf4 {[%clk 0:44:34]} Bxh3
{[%clk 0:15:25]} 30. Kf2 {[%clk 0:44:45]} Bf5 {[%clk 0:15:43]} 31. Ke3
{[%clk 0:45:08]} Kf7 {[%clk 0:15:39]} 32. Rh1 {[%clk 0:45:22]} c5
{[%clk 0:15:44]} 33. a4 {[%clk 0:45:16]} b6 {[%clk 0:15:32]} 34. Be5
{[%clk 0:45:26]} Kg6 {[%clk 0:12:51]} 35. a5 {[%clk 0:45:13]} bxa5
{[%clk 0:07:33]} 36. Bc7 {[%clk 0:43:29]} Rd5 {[%clk 0:07:33]} 37. Ra1
{[%clk 0:41:39]} c4 {[%clk 0:07:23]} 38. bxc4 {[%clk 0:42:02]} Rc5
{[%clk 0:07:50]} 39. Be5 {[%clk 0:42:23]} Rxc4 {[%clk 0:06:24]} 40. Rxa5
{[%clk 0:42:49]} Rxc2 {[%clk 0:06:42]} 41. Rxa7 {[%clk 0:43:16]} Rh2
{[%clk 0:05:58]} 42. Rxg7+ {[%clk 0:43:41]} Kh5 {[%clk 0:06:26]} 43. Bc7
{[%clk 0:42:43]} Rh3+ {[%clk 0:06:50]} 44. Kd4 {[%clk 0:43:08]} Rd3+
{[%clk 0:06:01]} 45. Ke5 {[%clk 0:43:31]} Kg4 {[%clk 0:04:18]} 46. Re7
{[%clk 0:39:50]} e3 {[%clk 0:03:08]} 47. Kf6 {[%clk 0:40:09]} Rc3
{[%clk 0:02:47]} 48. Bd6 {[%clk 0:34:28]} Rc6 {[%clk 0:02:20]} 49. Ke5
{[%clk 0:33:35]} e2 {[%clk 0:02:46]} 50. Kd5 {[%clk 0:33:54]} Rc2
{[%clk 0:03:01]} 51. Re3 {[%clk 0:31:30]} Rd2+ {[%clk 0:03:11]} 52. Ke5
{[%clk 0:31:44]} Bd3 {[%clk 0:03:13]} 53. Bb4 {[%clk 0:31:15]} Rb2
{[%clk 0:03:29]} 54. Be1 {[%clk 0:29:06]} Rb5+ {[%clk 0:03:44]} 55. Kd4
{[%clk 0:29:02]} Bg6 {[%clk 0:01:55]} 56. Bd2 {[%clk 0:25:49]} Rb2
{[%clk 0:02:22]} 57. Rxe2 {[%clk 0:25:56]} Kf3 {[%clk 0:02:49]} 58. Re3+
{[%clk 0:23:46]} Kxf4 {[%clk 0:03:08]} 59. Bc1 {[%clk 0:23:42]} Rc2
{[%clk 0:03:09]} 60. Re1+ {[%clk 0:23:06]} Kg4 {[%clk 0:03:00]} 61. Rg1+
{[%clk 0:22:41]} Kf3 {[%clk 0:03:14]} 62. Ke5 {[%clk 0:22:17]} Rc6
{[%clk 0:03:26]} 63. Bb2 {[%clk 0:22:00]} Rc2 {[%clk 0:03:18]} 64. Kf6
{[%clk 0:21:34]} Bd3 {[%clk 0:03:36]} 65. Be5 {[%clk 0:21:15]} Rg2
{[%clk 0:03:58]} 66. Rh1 {[%clk 0:20:17]} Bc2 {[%clk 0:04:11]} 67. Rh3+
{[%clk 0:20:05]} Ke2 {[%clk 0:04:34]} 68. Bf4 {[%clk 0:19:16]} Kf2
{[%clk 0:04:39]} 69. Rc3 {[%clk 0:19:02]} Bb1 {[%clk 0:04:50]} 70. Rb3
{[%clk 0:18:22]} Bc2 {[%clk 0:05:11]} 71. Rc3 {[%clk 0:17:47]} Bb1
{[%clk 0:05:37]} 72. Kg7 {[%clk 0:17:33]} Be4 {[%clk 0:05:40]} 73. Kh6
{[%clk 0:16:57]} Rg4 {[%clk 0:05:21]} 74. Be3+ {[%clk 0:16:45]} Ke2
{[%clk 0:05:42]} 75. Bb6 {[%clk 0:16:41]} Bd3 {[%clk 0:05:52]} 76. Kh5
{[%clk 0:16:49]} Rg2 {[%clk 0:05:13]} 77. Bc7 {[%clk 0:16:54]} Ke3
{[%clk 0:05:05]} 78. Kh4 {[%clk 0:16:16]} Kd4 {[%clk 0:05:15]} 79. Ra3
{[%clk 0:15:57]} Be4 {[%clk 0:04:40]} 80. Ra6 {[%clk 0:15:50]} Rc2
{[%clk 0:04:23]} 81. Bd8 {[%clk 0:14:45]} Kd5 {[%clk 0:04:20]} 82. Bf6
{[%clk 0:13:28]} Rh2+ {[%clk 0:04:30]} 83. Kg3 {[%clk 0:13:46]} Rg2+
{[%clk 0:04:56]} 84. Kh3 {[%clk 0:13:34]} Rc2 {[%clk 0:05:20]} 85. Ra5+
{[%clk 0:13:21]} Rc5 {[%clk 0:05:41]} 86. Ra3 {[%clk 0:13:23]} Rc4
{[%clk 0:05:40]} 87. Kg3 {[%clk 0:13:01]} Bg6 {[%clk 0:05:24]} 88. Ra7
{[%clk 0:12:34]} Bf5 {[%clk 0:03:55]} 89. Re7 {[%clk 0:11:37]} Re4
{[%clk 0:04:19]} 90. Rf7 {[%clk 0:11:18]} Ra4 {[%clk 0:04:16]} 91. Bd8
{[%clk 0:11:08]} Bc2 {[%clk 0:02:53]} 92. Rf2 {[%clk 0:09:55]} Rc4
{[%clk 0:03:12]} 93. Rf6 {[%clk 0:09:10]} Rc6 {[%clk 0:03:32]} 94. Rf8
{[%clk 0:09:27]} Bg6 {[%clk 0:03:51]} 95. Bf6 {[%clk 0:09:28]} Ke6
{[%clk 0:03:56]} 96. Kf4 {[%clk 0:09:32]} Rc4+ {[%clk 0:04:22]} 97. Kf3
{[%clk 0:09:56]} Rc6 {[%clk 0:04:21]} 98. Bb2 {[%clk 0:09:41]} Kd5
{[%clk 0:04:42]} 99. Rg8 {[%clk 0:08:58]} Bc2 {[%clk 0:03:14]} 100. Kg4
{[%clk 0:08:21]} Bb1 {[%clk 0:02:53]} 101. Bf6 {[%clk 0:06:06]} Rc1
{[%clk 0:03:09]} 102. Rd8+ {[%clk 0:05:55]} Ke6 {[%clk 0:03:33]} 103. Re8+
{[%clk 0:06:19]} Kd6 {[%clk 0:03:53]} 104. Be5+ {[%clk 0:06:34]} Kd5
{[%clk 0:04:06]} 105. Bg3 {[%clk 0:06:38]} Rc6 {[%clk 0:04:17]} 106. Re5+
{[%clk 0:06:54]} Kc4 {[%clk 0:04:34]} 107. Kh5 {[%clk 0:07:04]} Bc2
{[%clk 0:04:53]} 108. Re1 {[%clk 0:07:18]} Kd5 {[%clk 0:04:57]} 109. Re5+
{[%clk 0:05:55]} Kc4 {[%clk 0:05:20]} 110. Re7 {[%clk 0:06:16]} 1/2-1/2

[Event "Lozovatsky memorial 2018"]
[Site "?"]
[Date "2018.01.13"]
[Round "5.6"]
[White "Matsenko, Andrei"]
[Black "Tologontegin, Semetey"]
[Result "0-1"]
[BlackElo "2409"]
[WhiteElo "2285"]
[LiveChessVersion "1.4.8"]

1. Nf3 {[%clk 1:30:57]} g6 {[%clk 1:28:21]} 2. e4 {[%clk 1:27:43]} Bg7
{[%clk 1:28:42]} 3. d4 {[%clk 1:28:07]} d6 {[%clk 1:29:05]} 4. Nc3
{[%clk 1:25:38]} Nf6 {[%clk 1:29:16]} 5. h3 {[%clk 1:25:04]} O-O {[%clk 1:28:53]}
6. Be2 {[%clk 1:22:03]} a6 {[%clk 1:16:03]} 7. a4 {[%clk 1:20:47]} Nc6
{[%clk 1:15:53]} 8. Be3 {[%clk 1:16:30]} e5 {[%clk 1:13:02]} 9. Qd2
{[%clk 1:04:59]} exd4 {[%clk 1:08:30]} 10. Nxd4 {[%clk 1:04:19]} Re8
{[%clk 0:50:23]} 11. Nxc6 {[%clk 0:58:05]} bxc6 {[%clk 0:50:46]} 12. Bf3
{[%clk 0:57:21]} Rb8 {[%clk 0:49:37]} 13. Rb1 {[%clk 0:54:22]} c5
{[%clk 0:27:40]} 14. O-O {[%clk 0:52:31]} Rb4 {[%clk 0:25:56]} 15. Rfd1
{[%clk 0:43:30]} Bd7 {[%clk 0:15:45]} 16. b3 {[%clk 0:41:28]} Qc8
{[%clk 0:13:51]} 17. Bg5 {[%clk 0:38:07]} Bc6 {[%clk 0:09:48]} 18. Bxf6
{[%clk 0:21:42]} Bxf6 {[%clk 0:10:13]} 19. Nd5 {[%clk 0:22:09]} Bxd5
{[%clk 0:10:23]} 20. Qxd5 {[%clk 0:22:14]} Bd4 {[%clk 0:08:03]} 21. Qg5
{[%clk 0:20:49]} Qe6 {[%clk 0:08:04]} 22. Rd3 {[%clk 0:19:33]} Bf6
{[%clk 0:08:10]} 23. Qd2 {[%clk 0:18:47]} Reb8 {[%clk 0:08:02]} 24. c4
{[%clk 0:13:50]} Rxa4 25. e5 {[%clk 0:14:15]} Qxe5 {[%clk 0:04:53]} 26. Re1
{[%clk 0:11:58]} Ra1 {[%clk 0:05:12]} 27. Rde3 {[%clk 0:12:25]} Qd4
{[%clk 0:04:37]} 28. Qe2 {[%clk 0:12:30]} Kf8 {[%clk 0:02:17]} 29. Bd5
{[%clk 0:11:36]} Rxe1+ {[%clk 0:02:32]} 30. Qxe1 {[%clk 0:12:05]} Qa1
{[%clk 0:02:42]} 31. Qxa1 {[%clk 0:12:24]} Bxa1 {[%clk 0:03:11]} 32. Rf3
{[%clk 0:12:10]} f6 {[%clk 0:03:34]} 33. Bc6 {[%clk 0:12:36]} Bd4
{[%clk 0:03:39]} 34. Kf1 {[%clk 0:12:55]} Rb6 {[%clk 0:03:56]} 35. Ba4
{[%clk 0:13:21]} c6 {[%clk 0:03:58]} 36. Ke2 {[%clk 0:13:40]} d5 {[%clk 0:02:06]}
37. Kd3 {[%clk 0:13:38]} Ke7 {[%clk 0:02:20]} 38. g4 {[%clk 0:12:51]} Kd6
{[%clk 0:01:24]} 39. g5 {[%clk 0:13:14]} f5 {[%clk 0:01:25]} 40. Kxd4 Ke5+ 0-1

[Event "Lozovatsky memorial 2018"]
[Site "?"]
[Date "2018.01.13"]
[Round "5.7"]
[White "Radzhabov, Rodion"]
[Black "Remizov, Yaroslav"]
[Result "1-0"]
[BlackElo "2322"]
[WhiteElo "2314"]
[LiveChessVersion "1.4.8"]

1. e4 {[%clk 1:30:13]} c6 {[%clk 1:30:57]} 2. Nc3 {[%clk 1:30:12]} d5
{[%clk 1:30:24]} 3. d4 {[%clk 1:24:03]} dxe4 {[%clk 1:29:47]} 4. Nxe4
{[%clk 1:24:25]} Bf5 {[%clk 1:30:16]} 5. Ng3 {[%clk 1:24:34]} Bg6
{[%clk 1:30:44]} 6. h4 {[%clk 1:24:18]} h6 {[%clk 1:31:13]} 7. Nf3
{[%clk 1:24:36]} Nf6 {[%clk 1:30:51]} 8. h5 {[%clk 1:24:03]} Bh7 {[%clk 1:31:19]}
9. Bd3 {[%clk 1:24:12]} Bxd3 {[%clk 1:31:38]} 10. Qxd3 {[%clk 1:24:40]} e6
{[%clk 1:31:54]} 11. Bf4 {[%clk 1:17:25]} Qa5+ {[%clk 1:30:12]} 12. Bd2
{[%clk 1:17:47]} Bb4 {[%clk 1:30:15]} 13. c3 {[%clk 1:18:11]} Bd6
{[%clk 1:21:53]} 14. c4 {[%clk 1:17:16]} Qc7 {[%clk 1:19:16]} 15. Ne4
{[%clk 1:17:37]} Nxe4 {[%clk 1:19:21]} 16. Qxe4 {[%clk 1:18:04]} Nd7
{[%clk 1:19:34]} 17. O-O-O {[%clk 1:18:01]} O-O-O {[%clk 1:15:46]} 18. c5
{[%clk 1:04:57]} Be7 {[%clk 1:12:55]} 19. Bf4 {[%clk 1:05:18]} Qa5
{[%clk 1:13:13]} 20. Kb1 {[%clk 1:02:25]} Qa4 {[%clk 1:04:37]} 21. b3
{[%clk 0:54:45]} Qb4 {[%clk 0:58:03]} 22. Bd2 {[%clk 0:51:45]} Qa3
{[%clk 0:56:43]} 23. Qe2 {[%clk 0:42:19]} Bf6 {[%clk 0:35:18]} 24. Bf4
{[%clk 0:39:59]} Rhe8 {[%clk 0:33:26]} 25. Bd6 {[%clk 0:38:12]} Nb6
{[%clk 0:31:07]} 26. Ne5 {[%clk 0:32:53]} Nd5 {[%clk 0:26:38]} 27. Rc1
{[%clk 0:32:01]} Bg5 {[%clk 0:07:47]} 28. Rc4 {[%clk 0:22:11]} f6
{[%clk 0:07:49]} 29. Nd3 {[%clk 0:22:13]} Rxd6 {[%clk 0:04:01]} 30. cxd6
{[%clk 0:22:35]} Qxd6 {[%clk 0:04:29]} 31. g3 {[%clk 0:22:15]} e5
{[%clk 0:04:27]} 32. f4 {[%clk 0:21:07]} e4 {[%clk 0:03:31]} 33. fxg5
{[%clk 0:18:44]} Qxg3 {[%clk 0:03:55]} 34. gxh6 {[%clk 0:18:24]} Ne3
{[%clk 0:00:47]} 35. Nc5 {[%clk 0:16:38]} Nxc4 {[%clk 0:00:41]} 36. Qxc4
{[%clk 0:17:02]} e3 {[%clk 0:00:33]} 37. Qf7 1-0

[Event "Lozovatsky memorial 2018"]
[Site "?"]
[Date "2018.01.13"]
[Round "5.8"]
[White "Chos, Alexey"]
[Black "Kazantsev, Nikita"]
[Result "1-0"]
[BlackElo "2141"]
[WhiteElo "2317"]
[LiveChessVersion "1.4.8"]

1. e4 {[%clk 1:28:48]} e5 {[%clk 1:30:55]} 2. Nf3 {[%clk 1:29:01]} Nc6
{[%clk 1:31:19]} 3. Bc4 {[%clk 1:29:11]} Bc5 {[%clk 1:31:32]} 4. c3
{[%clk 1:29:27]} Nf6 {[%clk 1:31:57]} 5. d3 {[%clk 1:29:52]} d6 {[%clk 1:29:18]}
6. O-O {[%clk 1:29:18]} O-O {[%clk 1:29:09]} 7. Re1 {[%clk 1:27:49]} a6
{[%clk 1:28:11]} 8. Nbd2 {[%clk 1:28:06]} Ba7 {[%clk 1:23:49]} 9. h3
{[%clk 1:27:08]} Ne7 {[%clk 1:18:32]} 10. Nf1 {[%clk 1:24:02]} Ng6
{[%clk 1:18:22]} 11. Ng3 {[%clk 1:24:08]} c6 {[%clk 1:11:32]} 12. Bb3
{[%clk 1:22:02]} h6 {[%clk 1:05:43]} 13. a4 {[%clk 1:21:57]} Re8 {[%clk 1:05:15]}
14. d4 {[%clk 1:19:13]} Qc7 {[%clk 0:58:55]} 15. Bc2 {[%clk 1:17:25]} Be6
{[%clk 0:44:42]} 16. Be3 {[%clk 1:04:52]} Rad8 {[%clk 0:35:46]} 17. Qc1
{[%clk 1:02:18]} Bb8 {[%clk 0:30:26]} 18. a5 {[%clk 1:02:28]} Qe7
{[%clk 0:20:11]} 19. Ra4 {[%clk 0:52:48]} Bc7 {[%clk 0:13:38]} 20. Nf5
{[%clk 0:51:16]} Bxf5 {[%clk 0:11:40]} 21. exf5 {[%clk 0:50:27]} Nf8
{[%clk 0:10:51]} 22. dxe5 {[%clk 0:50:41]} dxe5 {[%clk 0:10:59]} 23. Nh2
{[%clk 0:45:40]} e4 {[%clk 0:08:56]} 24. Ng4 {[%clk 0:34:27]} Nxg4
{[%clk 0:08:09]} 25. hxg4 {[%clk 0:34:52]} Qh4 {[%clk 0:02:50]} 26. Bf4
{[%clk 0:33:27]} Bxf4 {[%clk 0:03:05]} 27. Qxf4 {[%clk 0:33:30]} g5
{[%clk 0:03:23]} 28. fxg6 {[%clk 0:31:46]} Nxg6 {[%clk 0:03:47]} 29. Qe3
{[%clk 0:31:16]} Qxg4 {[%clk 0:03:49]} 30. Rxe4 {[%clk 0:30:29]} Rxe4
{[%clk 0:03:23]} 31. Qxe4 {[%clk 0:30:02]} Qxe4 {[%clk 0:03:28]} 32. Bxe4
{[%clk 0:29:54]} Rd2 {[%clk 0:02:39]} 33. b4 {[%clk 0:29:33]} Nf4
{[%clk 0:02:39]} 34. Kf1 {[%clk 0:27:02]} Kf8 {[%clk 0:01:36]} 35. g3
{[%clk 0:26:39]} Nd3 {[%clk 0:00:55]} 36. Re2 {[%clk 0:26:36]} Rd1+
{[%clk 0:01:14]} 37. Kg2 {[%clk 0:26:58]} Nc1 {[%clk 0:00:45]} 38. Re3
{[%clk 0:26:21]} Na2 {[%clk 0:00:56]} 39. Bf5 {[%clk 0:26:16]} Rc1
{[%clk 0:01:09]} 40. Bc8 {[%clk 0:26:33]} Nxc3 {[%clk 0:01:32]} 41. Bxb7
{[%clk 0:26:53]} Nd5 {[%clk 0:01:41]} 42. Rb3 {[%clk 0:26:52]} Nc7
{[%clk 0:01:26]} 43. Rd3 {[%clk 0:25:47]} c5 {[%clk 0:01:03]} 44. bxc5
{[%clk 0:21:13]} Rxc5 {[%clk 0:01:29]} 45. Rd6 {[%clk 0:20:34]} Rxa5
{[%clk 0:00:50]} 46. Rxh6 {[%clk 0:20:32]} Ne6 {[%clk 0:00:55]} 47. Rh8+
{[%clk 0:20:45]} Kg7 {[%clk 0:01:08]} 48. Ra8 {[%clk 0:21:06]} Rb5
{[%clk 0:01:08]} 49. Bc6 {[%clk 0:21:14]} Rb6 {[%clk 0:01:26]} 50. Bf3
{[%clk 0:21:24]} Nd4 {[%clk 0:01:21]} 51. Bd5 {[%clk 0:20:22]} Nb5
{[%clk 0:01:48]} 52. Be4 {[%clk 0:19:58]} Kf6 {[%clk 0:01:47]} 53. f4
{[%clk 0:20:11]} Nd6 {[%clk 0:02:04]} 54. Bf3 {[%clk 0:20:07]} Rb2+
{[%clk 0:01:16]} 55. Kh3 {[%clk 0:20:14]} Kf5 {[%clk 0:00:55]} 56. Rxa6
{[%clk 0:20:28]} Rd2 {[%clk 0:01:01]} 57. Rc6 {[%clk 0:18:40]} Rd3
{[%clk 0:00:55]} 58. Bg2 {[%clk 0:18:42]} Ke6 {[%clk 0:00:43]} 59. Ra6
{[%clk 0:18:46]} Ke7 {[%clk 0:00:40]} 60. Ra5 {[%clk 0:19:06]} f5
{[%clk 0:00:46]} 61. Re5+ {[%clk 0:18:21]} Kf6 {[%clk 0:00:50]} 62. Bd5
{[%clk 0:18:22]} Kg7 {[%clk 0:00:39]} 63. Kh4 {[%clk 0:17:30]} Rc3
{[%clk 0:00:41]} 64. Re7+ {[%clk 0:17:39]} Kf8 {[%clk 0:00:54]} 65. Rd7
{[%clk 0:17:55]} Ne4 {[%clk 0:00:54]} 66. Bxe4 {[%clk 0:18:04]} fxe4
{[%clk 0:01:21]} 67. Rd4 {[%clk 0:18:12]} Re3 {[%clk 0:00:47]} 68. g4
{[%clk 0:18:33]} Re1 {[%clk 0:00:49]} 69. Kg5 {[%clk 0:18:56]} Kf7
{[%clk 0:01:10]} 70. f5 {[%clk 0:19:15]} e3 {[%clk 0:01:37]} 71. Rd7+
{[%clk 0:19:01]} Ke8 {[%clk 0:01:58]} 72. Ra7 {[%clk 0:18:11]} e2
{[%clk 0:02:10]} 73. f6 {[%clk 0:18:16]} Kf8 {[%clk 0:01:58]} 74. Re7
{[%clk 0:18:44]} Rg1 {[%clk 0:00:51]} 75. Rxe2 {[%clk 0:19:04]} Kf7
{[%clk 0:01:18]} 76. Re7+ {[%clk 0:19:28]} Kf8 {[%clk 0:01:40]} 77. Ra7
{[%clk 0:19:50]} Kg8 {[%clk 0:02:06]} 78. Kf5 {[%clk 0:20:16]} Kf8
{[%clk 0:02:27]} 79. g5 {[%clk 0:20:40]} Kg8 {[%clk 0:02:50]} 80. Kg6
{[%clk 0:21:04]} 1-0